PATHFIT2 : physical activities towards health and fitness 2 (exercise-based fitness activities) / Ahli I. Frigillana [and four others]. (Record no. 21564)
| 000 -LEADER | |
|---|---|
| fixed length control field | 00546nam a22001457a 4500 |
| 020 ## - INTERNATIONAL STANDARD BOOK NUMBER | |
| ISBN | 9786210800500 |
| 082 ## - DEWEY DECIMAL CLASSIFICATION NUMBER | |
| Classification number | 613.71 |
| Item number | F9128 2024 |
| 100 ## - MAIN ENTRY--AUTHOR NAME | |
| Personal name | Frigillana, Ahli I., author. |
| 245 ## - TITLE STATEMENT | |
| Title | PATHFIT2 : physical activities towards health and fitness 2 (exercise-based fitness activities) / Ahli I. Frigillana [and four others]. |
| 260 ## - PUBLICATION, DISTRIBUTION, ETC. (IMPRINT) | |
| Place of publication | Malabon City : |
| Name of publisher | Mutya Publishing House, Inc., |
| Year of publication | ©2024. |
| 300 ## - PHYSICAL DESCRIPTION | |
| Number of Pages | 106 pages : |
| Other physical details | illustrations ; 26 cm. |
| 500 ## - GENERAL NOTE | |
| General note | Includes bibliographical references. |
| 650 ## - SUBJECT ADDED ENTRY--TOPICAL TERM | |
| Topical Term | Physical fitness. |
| 942 ## - ADDED ENTRY ELEMENTS (KOHA) | |
| Koha item type | Books |
| Source of acquisition | Permanent Location | Date acquired | Koha item type | Collection code | Accession Number | Lost status | Shelving location | Withdrawn status | Current Location | Full call number |
|---|---|---|---|---|---|---|---|---|---|---|
| School | Cagayan State University - Carig Library | 2025-12-04 | Books | Applied Sciences | 011250 | General Collection | Cagayan State University - Carig Library | 613.71 F9128 2024 | ||
| School | Cagayan State University - Carig Library | 2025-12-04 | Books | Applied Sciences | 011251 | General Collection | Cagayan State University - Carig Library | 613.71 F9128 2024 | ||
| School | Cagayan State University - Carig Library | 2025-12-04 | Books | Applied Sciences | 011252 | General Collection | Cagayan State University - Carig Library | 613.71 F9128 2024 |